[Event "Titled Tuesday intern op 21st May Late"]
[Site "Chess.com INT"]
[Date "2024.05.21"]
[Round "1"]
[White "Grinev, Valeriy"]
[Black "Yarullina, Alina"]
[Result "1-0"]
[WhiteElo "2422"]
[BlackElo "2084"]
[PlyCount "63"]
[EventDate "2024.05.21"]
[EventType "swiss (blitz)"]
[EventRounds "11"]
[EventCountry "USA"]
[SourceTitle "CB22_2024"]
[SourceDate "2024.05.29"]
[SourceVersion "1"]
[SourceVersionDate "2024.05.29"]
[SourceQuality "1"]

1. d4 Nf6 2. c4 g6 3. Nc3 Bg7 4. e4 d6 5. Be2 0-0 6. Nf3 e5 7. 0-0 Nc6 8. d5 Ne7 9. Ne1 Nd7 10. Be3 f5 11. f3 f4 12. Bf2 a5 13. a3 g5 14. b4 axb4 15. axb4 Rxa1 16. Qxa1 Nf6 17. c5 g4 18. cxd6 cxd6 19. Qa5 Qe8 20. Nb5 Qg6 21. Kh1 g3 22. Bg1 Nh5 23. Qc7 gxh2 24. Bf2 Bh3 25. gxh3 Ng3+ 26. Kxh2 Nxe2 27. Qxe7 Bf6 28. Qxe5 dxe5 29. Nd6 Kh8 30. Nf5 Rg8 31. d6 Ng3 32. Rg1 1-0

[Event "Titled Tuesday intern op 21st May Late"]
[Site "Chess.com INT"]
[Date "2024.05.21"]
[Round "2"]
[White "Yarullina, Alina"]
[Black "Rangel, Daniel"]
[Result "0-1"]
[WhiteElo "2084"]
[BlackElo "2160"]
[PlyCount "52"]
[EventDate "2024.05.21"]
[EventType "swiss (blitz)"]
[EventRounds "11"]
[EventCountry "USA"]
[SourceTitle "CB22_2024"]
[SourceDate "2024.05.29"]
[SourceVersion "1"]
[SourceVersionDate "2024.05.29"]
[SourceQuality "1"]

1. e4 c5 2. a3 d6 3. b4 Nf6 4. Nc3 g6 5. Bb2 Bg7 6. g3 0-0 7. Bg2 Nc6 8. b5 Nd4 9. Nge2 a6 10. a4 axb5 11. axb5 Rxa1 12. Bxa1 Bd7 13. 0-0 Nxb5 14. Nxb5 Bxb5 15. Re1 Bxe2 16. Qxe2 Ne8 17. Bxg7 Nxg7 18. e5 d5 19. Qb5 b6 20. f4 Qc7 21. Bxd5 Rd8 22. Be4 Rxd2 23. Rb1 Qd8 24. Qxb6 Qd4+ 25. Kh1 Qxe4+ 26. Kg1 Qg2# 0-1

[Event "Titled Tuesday intern op 30th Apr Early"]
[Site "Chess.com INT"]
[Date "2024.04.30"]
[Round "2"]
[White "Tikhonov, Viacheslav"]
[Black "Yarullina, Alina"]
[Result "0-1"]
[WhiteElo "2160"]
[BlackElo "2084"]
[PlyCount "170"]
[EventDate "2024.04.30"]
[EventType "swiss (blitz)"]
[EventRounds "11"]
[EventCountry "USA"]
[SourceTitle "CB19_2024"]
[SourceDate "2024.05.08"]
[SourceVersion "1"]
[SourceVersionDate "2024.05.08"]
[SourceQuality "1"]

1. d4 Nf6 2. Nf3 e6 3. c4 d5 4. g3 Be7 5. Bg2 0-0 6. 0-0 dxc4 7. Na3 Bxa3 8. bxa3 Nc6 9. a4 Na5 10. Ba3 Re8 11. Qd2 b6 12. Ne5 Bb7 13. Bxb7 Nxb7 14. Nxc4 c5 15. Rfd1 cxd4 16. Qxd4 Qxd4 17. Rxd4 Red8 18. Rad1 Rxd4 19. Rxd4 Rd8 20. Rxd8+ Nxd8 21. a5 b5 22. Nd6 a6 23. Bc5 Nd7 24. Bb6 Nc6 25. Ne8 Nxb6 26. axb6 Kf8 27. Nc7 Nb8 28. b7 Ke7 29. Na8 Kd7 30. Nb6+ Kc7 31. Nc8 f6 32. Kf1 Nd7 33. Ke1 Kxb7 34. Nd6+ Kc6 35. Ne8 g6 36. Kd1 a5 37. Kc2 e5 38. g4 Kc5 39. h4 f5 40. g5 e4 41. e3 Ne5 42. Nf6 Nf3 43. Nxh7 Nxh4 44. Nf8 Nf3 45. Nxg6 Nxg5 46. Ne7 Nh3 47. Nxf5 Nxf2 48. Ng3 Kd5 49. Kb3 Ng4 50. Nf1 Kc5 51. a4 b4 52. Nd2 Kd5 53. Nc4 Nf2 54. Nxa5 Nd3 55. Nb7 Kc6 56. Nd8+ Kd7 57. Ne6 Kxe6 58. a5 Kd5 59. Ka4 b3 60. a6 Nc5+ 61. Kb4 Nxa6+ 62. Kxb3 Nc5+ 63. Kc2 Ne6 64. Kd2 Ng5 65. Ke2 Nf7 66. Kf2 Nd6 67. Kg3 Nf5+ 68. Kf4 Nd6 69. Kg3 Kc4 70. Kf4 Kd3 71. Ke5 Kxe3 72. Kxd6 Kd2 73. Ke5 e3 74. Kf4 e2 75. Kf3 e1Q 76. Kf4 Qe3+ 77. Kf5 Kd3 78. Kf6 Qe4 79. Kf7 Qe5 80. Kg6 Qf4 81. Kh5 Qg3 82. Kh6 Ke4 83. Kh7 Kf5 84. Kh8 Kf6 85. Kh7 Qg7# 0-1

[Event "Titled Tuesday intern op 30th Apr Early"]
[Site "Chess.com INT"]
[Date "2024.04.30"]
[Round "9"]
[White "Vijayalakshmi, Subbaraman"]
[Black "Yarullina, Alina"]
[Result "0-1"]
[WhiteElo "2332"]
[BlackElo "2084"]
[PlyCount "98"]
[EventDate "2024.04.30"]
[EventType "swiss (blitz)"]
[EventRounds "11"]
[EventCountry "USA"]
[SourceTitle "CB19_2024"]
[SourceDate "2024.05.08"]
[SourceVersion "1"]
[SourceVersionDate "2024.05.08"]
[SourceQuality "1"]

1. d3 d5 2. Nf3 Nf6 3. g3 g6 4. Bg2 Bg7 5. 0-0 0-0 6. Nbd2 c5 7. e4 Nc6 8. c3 e6 9. Qc2 b6 10. Re1 Bb7 11. Nf1 Qc7 12. Bf4 e5 13. Nxe5 Nxe5 14. exd5 Nxd5 15. Bxd5 Bxd5 16. Bxe5 Bxe5 17. Ne3 Bb7 18. f4 Bg7 19. h3 Rfe8 20. Kh2 Qc6 21. Qf2 Qf3 22. Qxf3 Bxf3 23. Kg1 Bc6 24. Kf2 f5 25. Nc4 Rxe1 26. Rxe1 Re8 27. Rxe8+ Bxe8 28. Ke3 Bd7 29. a3 Kf7 30. h4 Ke6 31. Nd2 Kd5 32. Nf3 Bf6 33. Kd2 c4 34. d4 Ba4 35. Ke3 Bd1 36. Nd2 b5 37. Nf1 Bg4 38. Nd2 a5 39. Nb1 Be7 40. Nd2 b4 41. axb4 axb4 42. Nf1 b3 43. Nd2 Bd1 44. Kf2 Bc2 45. Ke2 Ba3 46. Nf1 Bxb2 47. Ne3+ Ke4 48. Nxc4 Bd3+ 49. Kd2 Bxc4 0-1

[Event "Titled Tuesday intern op 30th Apr Early"]
[Site "Chess.com INT"]
[Date "2024.04.30"]
[Round "8"]
[White "Yarullina, Alina"]
[Black "Georg, Heinz"]
[Result "1-0"]
[WhiteElo "2084"]
[BlackElo "2053"]
[PlyCount "97"]
[EventDate "2024.04.30"]
[EventType "swiss (blitz)"]
[EventRounds "11"]
[EventCountry "USA"]
[SourceTitle "CB19_2024"]
[SourceDate "2024.05.08"]
[SourceVersion "1"]
[SourceVersionDate "2024.05.08"]
[SourceQuality "1"]

1. e4 e5 2. Nf3 Nc6 3. d4 exd4 4. Nxd4 Nf6 5. Nxc6 bxc6 6. e5 Qe7 7. Qe2 Nd5 8. c4 Ba6 9. b3 g6 10. Ba3 Qxa3 11. Nxa3 Bb4+ 12. Qd2 Bxd2+ 13. Kxd2 Nf4 14. g3 Ne6 15. Bg2 0-0 16. Rad1 Rad8 17. Kc3 f6 18. exf6 Rxf6 19. f4 Bb7 20. Nc2 d5 21. Rhe1 Kf7 22. Re5 Rf5 23. Rxe6 Kxe6 24. Bh3 c5 25. cxd5+ Bxd5 26. Re1+ Kf6 27. Bxf5 gxf5 28. Ne3 Be6 29. Rd1 Rd6 30. Rd3 h5 31. Nc4 Rd5 32. Rxd5 Bxd5 33. Nb2 Ke6 34. Nd3 Kd6 35. Ne5 a5 36. Nc4+ Bxc4 37. Kxc4 Kc6 38. a4 Kd6 39. Kb5 c6+ 40. Kxa5 Kd5 41. Kb6 c4 42. bxc4+ Kxc4 43. a5 c5 44. a6 Kd4 45. a7 c4 46. a8Q c3 47. Qa1 Kd3 48. Qc1 c2 49. Kc5 1-0

[Event "Titled Tuesday intern op 30th Apr Early"]
[Site "Chess.com INT"]
[Date "2024.04.30"]
[Round "10"]
[White "Yarullina, Alina"]
[Black "Kim, Sergey2"]
[Result "0-1"]
[WhiteElo "2084"]
[BlackElo "2295"]
[PlyCount "60"]
[EventDate "2024.04.30"]
[EventType "swiss (blitz)"]
[EventRounds "11"]
[EventCountry "USA"]
[SourceTitle "CB19_2024"]
[SourceDate "2024.05.08"]
[SourceVersion "1"]
[SourceVersionDate "2024.05.08"]
[SourceQuality "1"]

1. e4 e5 2. Nf3 Nc6 3. d4 exd4 4. Nxd4 Bc5 5. Be3 Qf6 6. c3 Nge7 7. Bb5 d6 8. 0-0 0-0 9. a4 Ne5 10. b4 Bxd4 11. Bxd4 Qg6 12. Bxe5 dxe5 13. Nd2 Be6 14. Qe2 Rad8 15. Rfd1 Qf6 16. Bc4 Ng6 17. g3 Ne7 18. Kg2 h6 19. Nb3 b6 20. a5 Ng6 21. axb6 axb6 22. Bxe6 Qxe6 23. c4 Qe7 24. c5 Qg5 25. Kh1 Qf6 26. Rxd8 Rxd8 27. Rd1 Rxd1+ 28. Qxd1 Qxf2 29. cxb6 cxb6 30. Qd2 Qf1# 0-1

[Event "Titled Tuesday intern op 30th Apr Early"]
[Site "Chess.com INT"]
[Date "2024.04.30"]
[Round "7"]
[White "Yarullina, Alina"]
[Black "Silva Lucena, Cristian"]
[Result "0-1"]
[WhiteElo "2084"]
[BlackElo "2359"]
[PlyCount "76"]
[EventDate "2024.04.30"]
[EventType "swiss (blitz)"]
[EventRounds "11"]
[EventCountry "USA"]
[SourceTitle "CB19_2024"]
[SourceDate "2024.05.08"]
[SourceVersion "1"]
[SourceVersionDate "2024.05.08"]
[SourceQuality "1"]

1. e4 c5 2. Nf3 e6 3. d4 cxd4 4. Nxd4 Nf6 5. Nc3 d6 6. Be2 a6 7. a4 Nbd7 8. 0-0 b6 9. Be3 Bb7 10. f3 Rc8 11. Qd2 Be7 12. Rfd1 Ne5 13. b3 d5 14. exd5 Bb4 15. Ndb5 axb5 16. Bxb5+ Kf8 17. Bd4 Bc5 18. b4 Bxd4+ 19. Qxd4 Ng6 20. d6 e5 21. Qd2 h5 22. d7 Rb8 23. Qd6+ Kg8 24. Ne2 h4 25. h3 e4 26. f4 e3 27. c4 Ne4 28. Qd4 Nf2 29. Re1 Qf6 30. Qxe3 Ne4 31. Rad1 Kh7 32. Nd4 Nxf4 33. Nc6 Bxc6 34. Bxc6 Ng3 35. Be4+ g6 36. Rf1 Nfe2+ 37. Kh2 Nxf1+ 38. Rxf1 Qd6+ 0-1

[Event "Titled Tuesday intern op 30th Apr Early"]
[Site "Chess.com INT"]
[Date "2024.04.30"]
[Round "4"]
[White "Yarullina, Alina"]
[Black "Silvederio, John Michael Britan"]
[Result "1-0"]
[WhiteElo "2084"]
[BlackElo "2006"]
[PlyCount "63"]
[EventDate "2024.04.30"]
[EventType "swiss (blitz)"]
[EventRounds "11"]
[EventCountry "USA"]
[SourceTitle "CB19_2024"]
[SourceDate "2024.05.08"]
[SourceVersion "1"]
[SourceVersionDate "2024.05.08"]
[SourceQuality "1"]

1. e4 c5 2. Nf3 Nc6 3. d4 cxd4 4. Nxd4 g6 5. c4 Bg7 6. Be3 Qb6 7. Nb3 Qd8 8. Nc3 Bxc3+ 9. bxc3 Nf6 10. f3 d6 11. c5 d5 12. exd5 Nxd5 13. Bd2 0-0 14. Bc4 e5 15. 0-0 Be6 16. Qe2 Re8 17. Rad1 Qh4 18. g3 Qh3 19. Rfe1 Rad8 20. a4 h5 21. Bb5 Nxc3 22. Bxc3 Bxb3 23. Rxd8 Rxd8 24. Bxc6 f6 25. Bb5 Qe6 26. f4 a6 27. Bd3 Qd5 28. Be4 Qxc5+ 29. Qe3 Qc7 30. fxe5 f5 31. Bg2 Bf7 32. e6 1-0

[Event "Titled Tuesday intern op 13th Feb Late"]
[Site "Chess.com INT"]
[Date "2024.02.13"]
[Round "1"]
[White "Ladan, Nicholas John"]
[Black "Yarullina, Alina"]
[Result "1-0"]
[WhiteElo "2197"]
[BlackElo "2084"]
[PlyCount "53"]
[EventDate "2024.02.13"]
[EventType "swiss (blitz)"]
[EventRounds "11"]
[EventCountry "USA"]
[SourceTitle "CB08_2024"]
[SourceDate "2024.02.21"]
[SourceVersion "1"]
[SourceVersionDate "2024.02.21"]
[SourceQuality "1"]

1. d4 Nf6 2. Nc3 g6 3. e4 d6 4. Bf4 Bg7 5. Qd2 0-0 6. 0-0-0 Nc6 7. f3 e5 8. dxe5 dxe5 9. Qxd8 Rxd8 10. Rxd8+ Nxd8 11. Bxe5 Ne6 12. Bg3 c6 13. Bc4 b5 14. Bb3 a5 15. a4 b4 16. Nb1 Nd4 17. Nd2 Bh6 18. f4 Nh5 19. Nh3 Nxg3 20. hxg3 Ne2+ 21. Kb1 Nxg3 22. Rd1 Bg4 23. Nf3 Bxh3 24. gxh3 Bxf4 25. Rd7 Rf8 26. Nd4 Nxe4 27. Nxc6 1-0

[Event "Titled Tuesday intern op 06th Feb Late"]
[Site "Chess.com INT"]
[Date "2024.02.06"]
[Round "3"]
[White "Yarullina, Alina"]
[Black "Korol, Dimitry"]
[Result "0-1"]
[WhiteElo "2084"]
[BlackElo "2287"]
[PlyCount "46"]
[EventDate "2024.02.06"]
[EventType "swiss (blitz)"]
[EventRounds "11"]
[EventCountry "USA"]
[SourceTitle "CB07_2024"]
[SourceDate "2024.02.14"]
[SourceVersion "1"]
[SourceVersionDate "2024.02.14"]
[SourceQuality "1"]

1. e4 c5 2. Nf3 d6 3. d4 cxd4 4. Nxd4 Nf6 5. Nc3 g6 6. f3 Bg7 7. Be3 0-0 8. Qd2 Nc6 9. 0-0-0 d5 10. Nxc6 bxc6 11. exd5 Nxd5 12. Nxd5 cxd5 13. Bd4 e5 14. Bc5 Be6 15. Bxf8 Qxf8 16. Kb1 Rb8 17. Bd3 e4 18. c3 exd3 19. g4 Qa3 20. Ka1 Rxb2 21. Qxb2 Bxc3 22. Rb1 d4 23. Rhd1 Qxa2# 0-1

[Event "Titled Tuesday intern op 12th Dec Early"]
[Site "Chess.com INT"]
[Date "2023.12.12"]
[Round "4"]
[White "Senft, Sean"]
[Black "Yarullina, Alina"]
[Result "1-0"]
[WhiteElo "2107"]
[BlackElo "2084"]
[PlyCount "153"]
[EventDate "2023.12.12"]
[EventType "swiss (blitz)"]
[EventRounds "11"]
[EventCountry "USA"]
[SourceTitle "CB51_2023"]
[SourceDate "2023.12.20"]
[SourceVersion "1"]
[SourceVersionDate "2023.12.20"]
[SourceQuality "1"]

1. d4 Nf6 2. c4 e6 3. Nc3 d5 4. cxd5 exd5 5. Bg5 Be7 6. e3 c6 7. Bd3 0-0 8. Nf3 Nbd7 9. 0-0 a5 10. Qc2 h6 11. Bh4 Re8 12. Rae1 Ne4 13. Bxe7 Qxe7 14. Nd2 Nxd2 15. Qxd2 Nf6 16. f3 b6 17. e4 dxe4 18. fxe4 Ba6 19. Bxa6 Rxa6 20. e5 Nd5 21. Qf2 Rd8 22. Kh1 Ra7 23. h3 b5 24. Ne4 Nc7 25. Nd6 Ne8 26. Nf5 Qe6 27. Qg3 Rad7 28. Re4 Kh7 29. Rg4 g6 30. Nxh6 Kxh6 31. Rh4+ Kg7 32. Qf4 g5 33. Qxg5+ Qg6 34. Qe3 Kf8 35. Rg4 Qh7 36. Rgf4 Re7 37. Qf3 Rd5 38. Qg3 c5 39. Rh4 Qg7 40. Rg4 Qh7 41. dxc5 Rdxe5 42. Rff4 Ng7 43. Rh4 Rh5 44. Kh2 Nf5 45. Rxh5 Qxh5 46. Qf2 Ng7 47. c6 Ne6 48. Rf5 Qh8 49. Qb6 Qd4 50. Qb8+ Qd8 51. Qg3 Qc7 52. Rxb5 Qxg3+ 53. Kxg3 Rc7 54. Rb6 Nd4 55. Ra6 Rxc6 56. Rxa5 Rc2 57. b4 Rb2 58. a3 Nc2 59. Ra8+ Kg7 60. Ra7 Rb3+ 61. Kf4 Rxa3 62. Rxa3 Nxa3 63. Ke5 Kg6 64. g4 Kh6 65. Kf6 Nb5 66. Kxf7 Kg5 67. Ke6 Na3 68. Kd5 Nb5 69. Kc5 Nc7 70. b5 Ne6+ 71. Kd6 Nd8 72. b6 Nb7+ 73. Kc7 Nc5 74. b7 Kh4 75. b8Q Na6+ 76. Kb7 Nxb8 77. Kxb8 1-0

[Event "Titled Tuesday intern op 26th Sep Early"]
[Site "Chess.com INT"]
[Date "2023.09.26"]
[Round "2"]
[White "Hoffmann, Asa"]
[Black "Yarullina, Alina"]
[Result "0-1"]
[WhiteElo "2185"]
[BlackElo "2084"]
[PlyCount "62"]
[EventDate "2023.09.26"]
[EventType "swiss (blitz)"]
[EventRounds "11"]
[EventCountry "USA"]
[SourceTitle "EXT 2024"]
[Source "ChessBase"]
[SourceDate "2023.10.10"]
[SourceVersion "1"]
[SourceVersionDate "2023.10.10"]
[SourceQuality "1"]

1. d4 d5 2. Bg5 Nf6 3. Nd2 e6 4. e3 Be7 5. Bd3 0-0 6. f4 Nbd7 7. Ngf3 c5 8. c3 b6 9. 0-0 Bb7 10. Qb1 h6 11. Bh4 Ng4 12. Bxe7 Qxe7 13. Re1 f5 14. h3 Ngf6 15. Ne5 Nxe5 16. fxe5 Ne4 17. Bxe4 fxe4 18. Rf1 Ba6 19. Rxf8+ Rxf8 20. Qe1 Bd3 21. Qg3 c4 22. Re1 Rf5 23. Nf1 Qf7 24. Nh2 h5 25. h4 Kh7 26. Kh1 Qd7 27. Rd1 Qa4 28. Rd2 Qxa2 29. Qe1 b5 30. g4 hxg4 31. Nxg4 Rf1+ 0-1

[Event "Titled Tuesday intern op 26th Sep Early"]
[Site "Chess.com INT"]
[Date "2023.09.26"]
[Round "7"]
[White "Yarullina, Alina"]
[Black "Molina, Roberto Junio Brito"]
[Result "1-0"]
[WhiteElo "2084"]
[BlackElo "2381"]
[PlyCount "129"]
[EventDate "2023.09.26"]
[EventType "swiss (blitz)"]
[EventRounds "11"]
[EventCountry "USA"]
[SourceTitle "EXT 2024"]
[Source "ChessBase"]
[SourceDate "2023.10.10"]
[SourceVersion "1"]
[SourceVersionDate "2023.10.10"]
[SourceQuality "1"]

1. e4 c6 2. d4 d5 3. Nc3 dxe4 4. Nxe4 Nd7 5. Nf3 Ngf6 6. Ng3 e6 7. Bd3 c5 8. 0-0 cxd4 9. Nxd4 Bc5 10. c3 0-0 11. Bg5 Re8 12. Nb3 Be7 13. Qf3 Ne5 14. Qe2 Qxd3 15. Qxe5 Ng4 16. Qe4 Qxe4 17. Nxe4 f6 18. h3 Ne5 19. Bh4 Nf7 20. f4 e5 21. Bg3 f5 22. Nec5 b6 23. Nd3 e4 24. Ne5 Nxe5 25. fxe5 g6 26. Rad1 Ba6 27. Rfe1 Rad8 28. Nd4 Bb7 29. Nb5 a6 30. Nc7 Rxd1 31. Rxd1 Rd8 32. Rxd8+ Bxd8 33. Ne6 Be7 34. Nd4 Bd5 35. b3 b5 36. Kf2 Kf7 37. h4 h6 38. Ke3 Ba3 39. Be1 Bc5 40. g3 g5 41. hxg5 hxg5 42. Ke2 f4 43. gxf4 gxf4 44. Bd2 e3 45. Be1 Kg6 46. e6 Be7 47. Nf3 Kf6 48. Bh4+ Kxe6 49. Nd4+ Kd7 50. Bxe7 Kxe7 51. a4 bxa4 52. bxa4 Kd6 53. Nf5+ Kc5 54. Nxe3 fxe3 55. Kxe3 Kc4 56. Kd2 Kb3 57. Kc1 Ka2 58. Kc2 Bc4 59. Kc1 Bb3 60. a5 Bc4 61. Kc2 Bb5 62. Kc1 Bd3 63. Kd2 Bf5 64. Kc1 Kb3 65. c4 1-0

[Event "Titled Tuesday intern op 19th Sep Early"]
[Site "Chess.com INT"]
[Date "2023.09.19"]
[Round "6"]
[White "Kanyamarala, Trisha"]
[Black "Yarullina, Alina"]
[Result "1/2-1/2"]
[WhiteElo "2183"]
[BlackElo "2084"]
[PlyCount "71"]
[EventDate "2023.09.19"]
[EventType "swiss (blitz)"]
[EventRounds "11"]
[EventCountry "USA"]
[SourceTitle "EXT 2024"]
[Source "ChessBase"]
[SourceDate "2023.10.10"]
[SourceVersion "1"]
[SourceVersionDate "2023.10.10"]
[SourceQuality "1"]

1. c4 e6 2. Nc3 d5 3. e3 Nf6 4. Nf3 Be7 5. b3 0-0 6. Bb2 c5 7. cxd5 Nxd5 8. Be2 Nc6 9. 0-0 b6 10. d4 cxd4 11. Nxd4 Nxd4 12. exd4 Bb7 13. Bf3 Rc8 14. Rc1 Qd7 15. Qe2 Rfd8 16. Rfd1 Nxc3 17. Bxc3 Bxf3 18. Qxf3 Qd5 19. Qe2 Bf6 20. h3 g6 21. Qa6 Rc7 22. Bb2 Rcd7 23. Rc8 Qe4 24. Rxd8+ Rxd8 25. Rc1 Bxd4 26. Bxd4 Qxd4 27. Qxa7 e5 28. Rc7 Qf4 29. Rd7 Rc8 30. Rc7 Rd8 31. Rd7 Rxd7 32. Qxd7 Qc1+ 33. Kh2 Qf4+ 34. Kg1 Qc1+ 35. Kh2 Qf4+ 36. Kg1 1/2-1/2

[Event "Titled Tuesday intern op 22nd Aug Early"]
[Site "Chess.com INT"]
[Date "2023.08.22"]
[Round "11"]
[White "Labussiere, Yago"]
[Black "Yarullina, Alina"]
[Result "0-1"]
[WhiteElo "2203"]
[BlackElo "2084"]
[PlyCount "112"]
[EventDate "2023.08.22"]
[EventType "swiss (blitz)"]
[EventRounds "11"]
[EventCountry "USA"]
[SourceTitle "EXT 2024"]
[Source "ChessBase"]
[SourceDate "2023.10.10"]
[SourceVersion "1"]
[SourceVersionDate "2023.10.10"]
[SourceQuality "1"]

1. c4 e6 2. d4 d5 3. Nf3 Nf6 4. g3 Be7 5. Bg2 0-0 6. 0-0 dxc4 7. Qc2 a6 8. a4 Bd7 9. Qxc4 Bc6 10. Bg5 Bd5 11. Qc1 Ne4 12. Bxe7 Qxe7 13. Nc3 Nxc3 14. Qxc3 Nc6 15. Rfe1 f5 16. Rac1 h6 17. Qc5 Qxc5 18. Rxc5 Rf7 19. e3 Re8 20. Rec1 Rd7 21. a5 g5 22. h4 g4 23. Nd2 Bxg2 24. Kxg2 Red8 25. Nc4 Kf7 26. Rxc6 bxc6 27. Ne5+ Ke7 28. Nxd7 Kxd7 29. b4 Rb8 30. Rc4 Kd6 31. Kf1 Rb5 32. Ke2 Kd5 33. Rc1 Rxb4 34. Rc5+ Kd6 35. Rc2 Rb5 36. Kd3 Rxa5 37. Rb2 c5 38. Rb8 cxd4 39. Kxd4 e5+ 40. Kc3 Kd5 41. Rh8 Ke4 42. Rxh6 Kf3 43. Rf6 Kxf2 44. h5 Kxg3 45. h6 Ra1 46. Rxf5 Rh1 47. Rf6 a5 48. Kb3 Kg2 49. Ka3 g3 50. Ka4 Kg1 51. Kxa5 g2 52. Kb5 Rh5 53. Kc6 Kh1 54. Rg6 g1Q 55. Rxg1+ Kxg1 56. Kxc7 Kf2 0-1

[Event "Titled Tuesday intern op 22nd Aug Early"]
[Site "Chess.com INT"]
[Date "2023.08.22"]
[Round "8"]
[White "Petrova, Irina"]
[Black "Yarullina, Alina"]
[Result "1-0"]
[WhiteElo "2108"]
[BlackElo "2084"]
[PlyCount "69"]
[EventDate "2023.08.22"]
[EventType "swiss (blitz)"]
[EventRounds "11"]
[EventCountry "USA"]
[SourceTitle "EXT 2024"]
[Source "ChessBase"]
[SourceDate "2023.10.10"]
[SourceVersion "1"]
[SourceVersionDate "2023.10.10"]
[SourceQuality "1"]

1. e4 e6 2. d4 d5 3. Nc3 Bb4 4. Nge2 dxe4 5. a3 Be7 6. g4 Nf6 7. g5 Nd5 8. Nxe4 0-0 9. c4 Nb6 10. N2c3 N8d7 11. Be3 f5 12. gxf6 Nxf6 13. Bd3 Nxe4 14. Nxe4 e5 15. d5 Bf5 16. Qc2 Nd7 17. Rg1 Kh8 18. 0-0-0 Nf6 19. Ng5 Bxd3 20. Qxd3 e4 21. Nxe4 Nxe4 22. Qxe4 Bf6 23. Bd4 Re8 24. Qg4 Bxd4 25. Qxd4 Qd7 26. h4 Re2 27. h5 h6 28. Rg6 Qa4 29. Qc3 Qd7 30. Rxh6+ Kg8 31. Rg6 Qf7 32. Rdg1 Qf4+ 33. Kb1 Rxb2+ 34. Qxb2 Qe4+ 35. Ka1 1-0

[Event "Titled Tuesday intern op 22nd Aug Early"]
[Site "Chess.com INT"]
[Date "2023.08.22"]
[Round "7"]
[White "Senft, Sean"]
[Black "Yarullina, Alina"]
[Result "0-1"]
[WhiteElo "2146"]
[BlackElo "2084"]
[PlyCount "78"]
[EventDate "2023.08.22"]
[EventType "swiss (blitz)"]
[EventRounds "11"]
[EventCountry "USA"]
[SourceTitle "EXT 2024"]
[Source "ChessBase"]
[SourceDate "2023.10.10"]
[SourceVersion "1"]
[SourceVersionDate "2023.10.10"]
[SourceQuality "1"]

1. d4 d5 2. c4 e6 3. cxd5 exd5 4. Nc3 Nf6 5. Nf3 Be7 6. Bg5 0-0 7. e3 c6 8. Bd3 Nbd7 9. Qc2 h6 10. Bh4 Re8 11. 0-0 Ne4 12. Bxe7 Qxe7 13. Nd2 Nxd2 14. Qxd2 Nf6 15. Rac1 Ng4 16. h3 Nf6 17. Bb1 a5 18. Na4 Nh5 19. Qd3 g6 20. Nb6 Bf5 21. Qc3 Bxb1 22. Nxa8 Bf5 23. Nb6 Qh4 24. Qxa5 Nf6 25. Qe1 g5 26. f3 Qh5 27. g4 Qxh3 28. gxf5 Rxe3 29. Qf2 Nh5 30. Rc2 Nf4 31. Qxe3 Qg3+ 32. Kh1 Qh3+ 33. Kg1 Qg3+ 34. Kh1 Qh3+ 35. Rh2 Qxf1+ 36. Qg1 Qxf3+ 37. Rg2 h5 38. Nd7 h4 39. Nf6+ Kg7 0-1

[Event "Titled Tuesday intern op 22nd Aug Early"]
[Site "Chess.com INT"]
[Date "2023.08.22"]
[Round "3"]
[White "Yarullina, Alina"]
[Black "Dardha, Daniel"]
[Result "0-1"]
[WhiteElo "2084"]
[BlackElo "2598"]
[PlyCount "76"]
[EventDate "2023.08.22"]
[EventType "swiss (blitz)"]
[EventRounds "11"]
[EventCountry "USA"]
[SourceTitle "EXT 2024"]
[Source "ChessBase"]
[SourceDate "2023.10.10"]
[SourceVersion "1"]
[SourceVersionDate "2023.10.10"]
[SourceQuality "1"]

1. e4 d5 2. exd5 e5 3. dxe6 Bxe6 4. Nf3 Nc6 5. Be2 Bd6 6. d4 Nf6 7. 0-0 0-0 8. c3 Bd5 9. Nbd2 Re8 10. Bd3 h6 11. h3 a6 12. Qc2 b5 13. a3 Bf4 14. c4 bxc4 15. Bxc4 Bxd2 16. Bxd5 Qxd5 17. Bxd2 Ne4 18. Be3 Re6 19. Rac1 Rd8 20. Qc4 Ne7 21. Qxc7 Nf5 22. Bf4 Nxd4 23. Nxd4 Qxd4 24. Be3 Qd5 25. Qc4 Qf5 26. Rfd1 Rde8 27. Qd5 Qf6 28. Qd4 Qg6 29. b4 Ng3 30. fxg3 Rxe3 31. g4 Rxa3 32. Re1 Rb8 33. Qe4 Qb6+ 34. Kh1 Rd8 35. Qe7 Rad3 36. Qc5 Qb7 37. Qc2 Rxh3+ 38. Kg1 Rg3 0-1

[Event "Titled Tuesday intern op 22nd Aug Early"]
[Site "Chess.com INT"]
[Date "2023.08.22"]
[Round "9"]
[White "Yarullina, Alina"]
[Black "Sovetbekova, Nurai"]
[Result "1-0"]
[WhiteElo "2084"]
[BlackElo "1803"]
[PlyCount "53"]
[EventDate "2023.08.22"]
[EventType "swiss (blitz)"]
[EventRounds "11"]
[EventCountry "USA"]
[SourceTitle "EXT 2024"]
[Source "ChessBase"]
[SourceDate "2023.10.10"]
[SourceVersion "1"]
[SourceVersionDate "2023.10.10"]
[SourceQuality "1"]

1. e4 c5 2. Nf3 Nc6 3. d4 cxd4 4. Nxd4 Nf6 5. Nc3 e5 6. Ndb5 d6 7. Bg5 a6 8. Na3 b5 9. Nd5 Be7 10. Bxf6 Bxf6 11. c3 Rb8 12. Nc2 Bg5 13. Be2 0-0 14. 0-0 Be6 15. b3 Ne7 16. c4 Nxd5 17. cxd5 Bd7 18. Nb4 Qb6 19. Qd3 f5 20. exf5 Bxf5 21. Qg3 Bf4 22. Qh4 Rbc8 23. Nc6 Kh8 24. Ne7 Rce8 25. Nxf5 Rxf5 26. Bd3 Rf6 27. Qxh7# 1-0